El Catastro en España, Francia, Italia, Bélgica, Holanda y Suiza (Record no. 127936)
[ view plain ]
| 000 -LEADER | |
|---|---|
| campo de control de longitud fija | 00554nam a2200157 4500 |
| 001 - NÚMERO DE CONTROL | |
| campo de control | 127936 |
| 003 - IDENTIFICADOR DE NÚMERO DE CONTROL | |
| campo de control | ES-MaACL |
| 005 - FECHA Y HORA DE LA ÚLTIMA TRANSACCIÓN | |
| campo de control | 20230906193125.0 |
| 007 - CAMPO FIJO DE DESCRIPCIÓN FÍSICA--INFORMACIÓN GENERAL | |
| campo de control de longitud fija | t| |
| 008 - DATOS DE LONGITUD FIJA--INFORMACIÓN GENERAL | |
| campo de control de longitud fija | 070214s1957 sp r ||||1| spa d |
| 100 1# - ENTRADA PRINCIPAL--NOMBRE DE PERSONA | |
| Nombre de persona | Rivero de Andrea, Fernando. |
| 9 (RLIN) | 97694 |
| 245 13 - MENCIÓN DEL TÍTULO | |
| Título | El Catastro en España, Francia, Italia, Bélgica, Holanda y Suiza |
| Resto del título | : estudio de legislación comparada / |
| Mención de responsabilidad, etc. | Fernando Rivero de Andrea. |
| 260 ## - PUBLICACIÓN, DISTRIBUCIÓN, ETC. | |
| Lugar de publicación, distribución, etc. | Madrid : |
| Nombre del editor, distribuidor, etc. | [s. n.], |
| Fecha de publicación, distribución, etc. | 1957 ( |
| Fabricante | Imp. Fábrica Nacional de Moneda) |
| 300 ## - DESCRIPCIÓN FÍSICA | |
| Extensión | 309 p. ; |
| Dimensiones | 24 cm. |
| 852 ## - LOCALIZACIÓN | |
| Ubicación | ES-MaACL |
| Número de control de estantería | C-14151 |
| Sublocalización o colección | R.41445 |
| Estatus retirado | Estado de pérdida | Estado de daño | No para préstamo | Biblioteca de origen | Biblioteca actual | Ubicación en estantería | Fecha de adquisición | Fuente de adquisición | Total de préstamos | Signatura topográfica completa | Código de barras | Visto por última vez | Precio de reemplazo | Tipo de ítem Koha |
|---|---|---|---|---|---|---|---|---|---|---|---|---|---|---|
| Biblioteca del Ateneo de Madrid | Biblioteca del Ateneo de Madrid | Sala Palomar | 17/01/2008 | C-14151 | 1133250 | 23/02/2023 | 23/02/2023 | Libro impreso |
